1841 1721 1959 1751 1957 1288 1160 1247 1326 1164 1778 1790 1084 1177 1245 1911 1615 1197 1899 1071 1874 1517 1065 1099 1158 1521 1940 1482 1132 1045 1478 1463 1589 1667 1610 1341 1098 1518 1623 1556 1881 1718 1388 1845 1860 1898 1847 1431 1021 1923 1837 1114 1121 1099 1249 1527 1732 1950 1444 1640 1684 1642 1898 1967 1170 1551 1152 1943 1297 1018 1697 1677 1790 1549 1420 1537 1726 1634 1251 1544 1489 1429 1760 1915 1413 1605 1479 1539 1907 1502 1277 1430 1218 1628 1665 1891 1266 1795 1691 BCNSPRNW ULIB Ver.6.0+V

เปลี่ยนเป็นภาษาไทย

Change to English
 แสดงรายละเอียดบรรณานุกรม
  กลับหน้าหลัก

Brief Record : Get Marc (ISO 2709) : E-mail record : QR code < ปิดหน้าต่าง
LEADER : 00000nam 2200000uu 4500
001    13399124347
003     ULIB
008    150511s2555||||th 000 0 tha d
020    ^a9786162142314
099    ^aนว ว257อ
100    ^aวรรณวรรธน์
245    ^aอขิทโร มหาคุรุเทวา ปรัยวสาน ๒ เล่ม 5
250    ^aพิมพ์ครั้งที่ 1
260    ^aกรุงเทพฯ :^bณ บ้านวรรณกรรม กรุ๊ป,^c2555
300    ^a374 หน้า
650    ^aวรรณวรรธน์^xนิยาย
945    ^p300^l0^i039391
999    ^aเกษร โพธิ์สุวรรณ
รายการนี้ยังไม่มีแท็ก
คุณยังไม่ได้ล็อกอิน คุณสามารถมีกิจกรรมร่วมกับเว็บไซต์ได้ แต่ต้องล็อกอินก่อน ::
  ล็อกอิน

รายการสื่อสารสนเทศ

ลำดับที่ ประเภท เลขเรียก/บาร์โค้ด สถานที่ สถานะ
1. นวนิยาย
นวนิยาย
นว ว257อ ฉ.1 
  Barcode: 039391
ห้องสมุดวิทยาเขตสวรรค์ประชารักษ์
►นวนิยาย
บนชั้น
  ขอยืม

รายการใกล้เคียง
    ผู้แต่ง [วรรณวรรธน์]

BibComment


ยังไม่เคยถูกคอมเมนท์

คอมเมนท์ทรัพยากรรายการนี้
  คอมเมนท์: อขิทโร มหาคุรุเท..


 Copyright 2026. Bcnsprnw @Library